000 00680nam a2200229Ia 4500
001 14732
003 GE_BSU
008 181216s||||||||xx |||||||||||||| ||und||
040 _cGE_BSU
080 _aპერიოდიკა
245 _aГенетика.Том 50, №12.Ноябрь. 2014
245 _bЕжемесячный журнал.
245 _cгл. ред. С.В.Шестаков и др.
260 _aМосква
260 _bНаука
260 _c2014
300 _a1405-1496стр.29см.
653 _aГенетика.Том 50, №12.Ноябрь. 2014
653 _aПериодика
653 _aპერიოდიკა
942 _cCR
999 _c47857
_d47857